Labour market and social policies in the Baltic countries

Guardado en:
Detalles Bibliográficos
Formato: Libro
Lenguaje:inglés
Publicado: Paris OECD 2003
Materias:
Etiquetas: Agregar Etiqueta
Sin Etiquetas, Sea el primero en etiquetar este registro!

MARC

LEADER 00000nam a2200000 4500
001 c143256
005 20221124084747.9
020 |a 92-64-10006-7 
041 0 |a eng 
044 |a FR 
245 1 0 |a Labour market and social policies in the Baltic countries 
264 1 |a Paris  |b OECD  |c 2003 
300 |a 177 s. 
610 2 0 |a trh práce 
610 2 0 |a politika sociálna 
610 2 0 |a hospodárstvo svetové 
610 2 0 |a zamestnanosť 
610 2 0 |a výskum 
610 2 0 |a politika dôchodková 
610 2 0 |a reformy dôchodkové 
610 2 0 |a financie 
610 2 0 |a nezamestnanosť 
610 2 0 |a sily pracovné 
610 2 0 |a kapitál ľudský 
610 2 0 |a údaje štatistické 
610 2 0 |a porovnanie medzinárodné 
610 2 0 |a svet 
610 2 0 |a Litva 
610 2 0 |a Lotyšsko 
610 2 0 |a Estónsko 
610 2 0 |a OECD